000 00628nam a2200229Ia 4500
003 OSt
005 20220918212957.0
006 a|||||r|||| 00| 0
007 ta
008 220917b |||||||| |||| 00| 0 eng d
024 _a130,995
037 _cTextual
040 _aARTS
_cARTS
_beng
041 _2eng
_aeng
082 _aX:5:Z73y7, J0
100 _aBeutel Frederick K
_9125307
245 0 _aInterpretation of uniform commerical laws
_b Cases and materials
260 _aNA
_bNA
_c1950
650 _aECONOMICS
942 _hX:5:Z73y7, J0
_cTEXL
_2CC
999 _c254118
_d254118